000 00297nam a2200109Ia 4500
008 190902s9999||||xx |||||||||||||| ||und||
100 _aDr. Asrar . H. Siddiqi
245 0 _aFinance of Foreign Trade And Foreign Exchange
260 _aKarachi
_bRoyal Book Company
_c2009
300 _a423
942 _cBK
999 _c2829
_d2829